[Event "20th European Teams Women"]
[Site "Reykjavik ISL"]
[Date "2015.11.19"]
[Round "6.3"]
[Board "3"]
[White "Chelushkina, Irina"]
[Black "Bulmaga, Irina"]
[Result "1-0"]
[WhiteTitle "WGM"]
[BlackTitle "IM"]
[WhiteElo "2271"]
[BlackElo "2391"]
[WhiteTeam "Serbia"]
[BlackTeam "Romania"]
[WhiteFideId "928615"]
[BlackFideId "13903063"]
[EventDate "2015.11.13"]

1. Nf3 c5 2. c4 Nc6 3. g3 g6 4. Bg2 Bg7 5. O-O d6 6. Nc3 Nh6 7. a3 O-O 8. Rb1 a5
9. d3 Nf5 10. Bd2 e6 11. Ne1 Re8 12. Ne4 h6 13. Bc3 e5 14. Nc2 Nfd4 15. Ne3 Rb8
16. Nd5 Bg4 17. Re1 b5 18. h3 Be6 19. e3 Bxd5 20. cxd5 Ne7 21. exd4 cxd4 22. Bd2
f5 23. Bxh6 fxe4 24. Bxg7 Kxg7 25. Bxe4 Qd7 26. Kg2 Rbc8 27. Qd2 Rh8 28. Rh1 Nf5
29. Rbc1 Rxc1 30. Qxc1 Ne7 31. Qd2 a4 32. h4 Nf5 33. Qg5 Qe7 34. Rc1 Qxg5 35.
hxg5 Rf8 36. Rc6 Rb8 37. g4 Ne7 38. Rxd6 b4 39. Rd7 bxa3 40. bxa3 1-0

[Event "20th European Teams Women"]
[Site "Reykjavik ISL"]
[Date "2015.11.19"]
[Round "6.3"]
[Board "4"]
[White "Cosma, Elena-Luminita"]
[Black "Zarkovic, Mila"]
[Result "1-0"]
[WhiteTitle "WGM"]
[BlackTitle "WIM"]
[WhiteElo "2303"]
[BlackElo "2179"]
[WhiteTeam "Romania"]
[BlackTeam "Serbia"]
[WhiteFideId "1201590"]
[BlackFideId "900451"]
[EventDate "2015.11.13"]

1. d4 Nf6 2. Nf3 e6 3. c4 Bb4+ 4. Bd2 Qe7 5. g3 Nc6 6. Nc3 Na5 7. b3 b6 8. Bg2
Bb7 9. O-O O-O 10. Qc2 h6 11. Rfe1 c5 12. a3 Bxc3 13. Bxc3 Be4 14. Qb2 d6 15.
Rad1 Rfd8 16. h3 Rac8 17. Rd2 Ba8 18. dxc5 dxc5 19. Bxa5 bxa5 20. Red1 Rxd2 21.
Qxd2 Qc7 22. Qd6 Be4 23. Qxc7 Rxc7 24. Rd8+ Kh7 25. Ne5 Bc2 26. f4 Bxb3 27. Kf2
Ba4 28. Ke3 g6 29. g4 Kg7 30. Nd3 Bb3 31. Nb2 Nd7 32. Bc6 Nb6 33. Bb5 Ba2 34.
Rd1 a4 35. Rd8 Kf6 36. h4 Bb3 37. Kd3 Ba2 38. e4 Bb3 39. e5+ Kg7 40. g5 hxg5 41.
hxg5 Kh7 42. Kd2 Ba2 43. Kc3 Bb1 44. Bxa4 Be4 45. Bb5 Kg7 46. a4 Nc8 47. a5 Ne7
48. Na4 Bc6 49. Rb8 a6 50. Bxc6 Nxc6 51. Rb6 Nxa5 52. Rxa6 Nb7 53. Ra7 Rd7 54.
Nb6 Rc7 55. Ra8 Kh7 56. Kb3 Kg7 57. Ka4 Kh7 58. Kb5 Kg7 59. Rb8 1-0

[Event "20th European Teams Women"]
[Site "Reykjavik ISL"]
[Date "2015.11.19"]
[Round "6.4"]
[Board "1"]
[White "Lazarne Vajda, Szidonia"]
[Black "Paehtz, Elisabeth"]
[Result "1/2-1/2"]
[WhiteTitle "IM"]
[BlackTitle "IM"]
[WhiteElo "2358"]
[BlackElo "2462"]
[WhiteTeam "Hungary"]
[BlackTeam "Germany"]
[WhiteFideId "723894"]
[BlackFideId "4641833"]
[EventDate "2015.11.13"]

1. e4 c5 2. Nf3 d6 3. Bc4 Nc6 4. O-O Nf6 5. Re1 a6 6. c3 Bg4 7. Bb3 g6 8. h3
Bxf3 9. Qxf3 Bg7 10. d3 O-O 11. Nd2 b5 12. Nf1 Nd7 13. Ne3 e6 14. Ng4 Qe7 15.
Bf4 Nde5 16. Nxe5 Nxe5 17. Qg3 c4 18. Bc2 cxd3 19. Bxd3 h6 20. Rad1 Rab8 21. Be3
Rfd8 22. Bd4 Qg5 23. Qxg5 hxg5 24. Re2 Nxd3 25. Rxd3 Bxd4 26. Rxd4 Kf8 27. Red2
Ke7 28. f3 Rbc8 29. a4 Rc4 30. axb5 axb5 31. Kf2 Rxd4 32. Rxd4 Rc8 33. Ke3 Rc5
34. Rd1 Rc7 35. Ra1 Rb7 36. b3 Kd7 37. Kd4 e5+ 38. Kd3 Rb6 39. Ra7+ Ke6 40. b4
f5 41. c4 bxc4+ 42. Kxc4 Rc6+ 43. Kb3 Rc1 44. Rg7 Kf6 45. Rg8 fxe4 46. fxe4 g4
47. hxg4 Kg5 48. b5 Kxg4 49. Rxg6+ Kf4 50. Rxd6 Kxe4 51. b6 Kf5 52. Ka4 Rb1 53.
Ka5 Rb2 54. g3 e4 55. Rd5+ Kg4 56. Re5 Kf3 57. g4 Ra2+ 58. Kb5 Rb2+ 59. Kc6 Rc2+
60. Kd7 Rd2+ 61. Kc8 Rc2+ 62. Kb8 e3 63. g5 e2 64. b7 Rc1 65. g6 e1=Q 66. Rxe1
Rxe1 67. Kc7 Rc1+ 68. Kd6 Rd1+ 69. Ke6 Rd8 70. g7 Rb8 71. Kd6 Rg8 72. Ke6 Rb8
73. Kd6 Rg8 74. Ke6 Rb8 1/2-1/2

[Event "20th European Teams Women"]
[Site "Reykjavik ISL"]
[Date "2015.11.19"]
[Round "6.4"]
[Board "2"]
[White "Schleining, Zoya"]
[Black "Madl, Ildiko"]
[Result "1/2-1/2"]
[WhiteTitle "WGM"]
[BlackTitle "IM"]
[WhiteElo "2354"]
[BlackElo "2343"]
[WhiteTeam "Germany"]
[BlackTeam "Hungary"]
[WhiteFideId "4671660"]
[BlackFideId "700550"]
[EventDate "2015.11.13"]

1. Nf3 c5 2. c4 Nf6 3. Nc3 Nc6 4. g3 d5 5. d4 e6 6. cxd5 Nxd5 7. Bg2 cxd4 8.
Nxd4 Nxc3 9. bxc3 Nxd4 10. Qxd4 Qxd4 11. cxd4 Bd6 12. O-O Rb8 13. e4 Bd7 14. Be3
b6 15. Rfc1 Rc8 16. Rxc8+ Bxc8 17. Rc1 Bd7 18. e5 Bb8 19. Bf1 Ke7 20. Ba6 Rd8
21. f4 f6 22. Kf2 Be8 23. Kf3 Bg6 24. Rc6 Bb1 25. Bc4 Kd7 26. Bb5 Ke7 27. Bc4
Kd7 28. Bb5 Ke7 29. Bc4 Kd7 30. Bb5 Ke7 1/2-1/2

[Event "20th European Teams Women"]
[Site "Reykjavik ISL"]
[Date "2015.11.19"]
[Round "6.4"]
[Board "3"]
[White "Rudolf, Anna"]
[Black "Ohme, Melanie"]
[Result "1/2-1/2"]
[WhiteTitle "IM"]
[BlackTitle "WGM"]
[WhiteElo "2341"]
[BlackElo "2301"]
[WhiteTeam "Hungary"]
[BlackTeam "Germany"]
[WhiteFideId "722855"]
[BlackFideId "4690745"]
[EventDate "2015.11.13"]

1. g3 g6 2. Bg2 Bg7 3. d4 d6 4. e4 c6 5. Ne2 Nd7 6. O-O e5 7. Be3 Ne7 8. f4 f5
9. fxe5 dxe5 10. d5 fxe4 11. dxc6 Nxc6 12. Nbc3 Nf6 13. Nxe4 Nxe4 14. Qxd8+ Nxd8
15. Bxe4 Bh3 16. Rf2 Rf8 17. Rxf8+ Kxf8 18. Nc3 a6 19. Rd1 Rc8 20. Na4 Ke8 21.
Bb6 Bf5 22. Nc5 Bxe4 23. Nxe4 Nf7 24. Bc5 b6 25. Bxb6 Rxc2 26. Rd2 Rxd2 27. Nxd2
Nd6 28. Bc5 Kd7 29. Kf2 Kc6 30. Bxd6 Kxd6 31. Ke3 Kd5 32. b3 h6 33. Ne4 Bf8 34.
g4 Bb4 35. Kd3 Be7 36. Ke3 Bb4 37. Kd3 Be7 38. h3 h5 39. Ng3 hxg4 40. hxg4 Bc5
41. Ne4 Bb4 42. Nf6+ Ke6 43. Ne4 Kd5 44. Ke3 Ke6 45. Ke2 Kd5 46. Kd3 a5 47. Ng3
Be7 48. Ne4 Bb4 49. Ke3 Be7 50. Nc3+ Ke6 51. Ke4 Bc5 52. Nd5 Bd6 53. Ne3 Bc7 54.
Nc4 Kf6 55. a3 Ke6 56. b4 axb4 57. axb4 Kf6 58. b5 Kg5 59. Nxe5 Kh4 60. Kd5 Kg5
61. Ke4 Kh4 62. Kf4 Kh3 63. Ke4 1/2-1/2

[Event "20th European Teams Women"]
[Site "Reykjavik ISL"]
[Date "2015.11.19"]
[Round "6.4"]
[Board "4"]
[White "Heinemann, Josefine"]
[Black "Papp, Petra"]
[Result "0-1"]
[BlackTitle "WGM"]
[WhiteElo "2224"]
[BlackElo "2303"]
[WhiteTeam "Germany"]
[BlackTeam "Hungary"]
[WhiteFideId "12900460"]
[BlackFideId "739049"]
[EventDate "2015.11.13"]

1. e4 e5 2. Nf3 Nc6 3. Bb5 a6 4. Ba4 Nf6 5. O-O Be7 6. d3 d6 7. c3 O-O 8. Re1
Re8 9. Nbd2 Bf8 10. Nf1 h6 11. Ng3 b5 12. Bc2 d5 13. Qe2 Be6 14. h3 d4 15. Nh2
dxc3 16. bxc3 b4 17. Ba4 Bd7 18. Bxc6 Bxc6 19. c4 Qd7 20. Nf3 Bb7 21. Bb2 Bd6
22. Nf5 Rad8 23. Rac1 c6 24. Red1 Bc7 25. Ne3 Nh5 26. Kh2 Nf4 27. Qf1 Bc8 28.
Ng4 f6 29. Kg1 Qf7 30. g3 Ne6 31. Ne3 Bb6 32. Nf5 Qh5 33. Qg2 Nc5 34. Ne1 Na4
35. Ba1 Bxf5 36. exf5 Qxf5 37. d4 exd4 38. Qxc6 Qd7 39. Qxd7 Rxd7 40. Nc2 d3 41.
Nxb4 d2 42. Rb1 Re2 43. Nd5 Ba7 44. Ne3 Bxe3 45. fxe3 Rxe3 46. Kf2 Ra3 47. Rb8+
Kf7 48. Rc8 Rxa2 49. c5 Rxa1 50. Rxa1 d1=Q 51. Rxd1 Rxd1 52. c6 Rc1 53. c7 Ke7 0-1

[Event "20th European Teams Women"]
[Site "Reykjavik ISL"]
[Date "2015.11.19"]
[Round "6.5"]
[Board "1"]
[White "Mamedjarova, Zeinab"]
[Black "Socko, Monika"]
[Result "0-1"]
[WhiteTitle "WGM"]
[BlackTitle "GM"]
[WhiteElo "2235"]
[BlackElo "2445"]
[WhiteTeam "Azerbaijan"]
[BlackTeam "Poland"]
[WhiteFideId "13401521"]
[BlackFideId "1106619"]
[EventDate "2015.11.13"]

1. d4 e6 2. Nf3 Nf6 3. Bf4 b6 4. e3 Bb7 5. Bd3 Be7 6. h3 c5 7. O-O O-O 8. Nbd2
d5 9. c3 Ne4 10. Qc2 f5 11. Rad1 Nd7 12. Ne5 Nxd2 13. Rxd2 c4 14. Be2 b5 15. Kh1
Bf6 16. Kh2 a5 17. Rg1 Bxe5 18. Bxe5 Nxe5 19. dxe5 f4 20. Rd4 Qg5 21. exf4 Rxf4
22. Qd2 Raf8 23. Qe3 h6 24. Rxf4 Qxf4+ 25. Qxf4 Rxf4 26. Bf3 Kf7 27. Re1 Ke7 28.
Kg3 Rf8 29. h4 Bc6 30. a3 Bd7 31. h5 Kd8 32. Be2 Kc7 33. f4 b4 34. axb4 axb4 35.
Ra1 Rb8 36. Kf2 bxc3 37. bxc3 Rb3 38. Rc1 Kb6 39. g4 Kc5 40. Ke1 Ra3 41. Kd2
Ra2+ 42. Ke3 Bc8 43. Rf1 Ra3 44. f5 d4+ 45. Kf4 d3 46. Bf3 exf5 47. gxf5 Rxc3
48. Bg4 d2 49. f6 gxf6 50. exf6 Rc1 51. Rd1 Rxd1 52. Bxd1 Be6 53. Ke3 c3 54. Kd3
Kb4 55. Ke3 Ka3 56. Kd3 Kb2 57. Ba4 Bb3 0-1

[Event "20th European Teams Women"]
[Site "Reykjavik ISL"]
[Date "2015.11.19"]
[Round "6.5"]
[Board "2"]
[White "Rajlich, Iweta"]
[Black "Mammadova, Gulnar"]
[Result "1/2-1/2"]
[WhiteTitle "IM"]
[BlackTitle "WGM"]
[WhiteElo "2389"]
[BlackElo "2303"]
[WhiteTeam "Poland"]
[BlackTeam "Azerbaijan"]
[WhiteFideId "1108166"]
[BlackFideId "13403508"]
[EventDate "2015.11.13"]

1. e4 d6 2. d4 Nf6 3. Bd3 g6 4. c3 Bg7 5. Nf3 O-O 6. O-O c6 7. Nbd2 Nbd7 8. Qc2
e5 9. dxe5 dxe5 10. Rd1 Nh5 11. Bf1 Qe7 12. Nc4 Nb6 13. Nxb6 axb6 14. Bg5 Qc7
15. Nd2 Nf4 16. Nc4 b5 17. Ne3 Be6 18. Bh4 h6 19. a4 bxa4 20. Rxa4 b5 21. Raa1
Qb7 22. f3 Rxa1 23. Rxa1 Ra8 24. Rxa8+ Qxa8 25. Bf2 Qa1 26. b3 Bf8 27. c4 b4 28.
Nd1 Be7 29. h4 Kh7 30. g3 Nh5 31. Kh2 g5 32. hxg5 hxg5 33. Be2 g4 34. Qb2 Qxb2
35. Nxb2 gxf3 36. Bxf3 Nf6 37. Nd3 Nd7 38. Kg2 Kg7 39. Kf1 Bh3+ 40. Ke2 Be6 41.
Be3 Kg6 42. c5 Bxb3 43. Bg4 Be6 44. Bxe6 fxe6 45. Nxb4 Bxc5 46. Nxc6 Bxe3 47.
Kxe3 Kf6 48. Nb4 Kg5 49. Nd3 Kg4 50. Kf2 Kh5 51. Kf3 Kg5 52. Nf2 Nf6 53. Nh3+
Kh5 54. Nf2 Kg5 55. Kg2 Kh5 56. Kh2 Kg5 57. Kh3 Nh7 58. Kg2 Nf6 59. Kf3 Kh5 60.
Nh3 Nxe4 61. g4+ Kh4 62. Kxe4 Kxg4 63. Kxe5 Kxh3 64. Kxe6 1/2-1/2

[Event "20th European Teams Women"]
[Site "Reykjavik ISL"]
[Date "2015.11.19"]
[Round "6.5"]
[Board "3"]
[White "Kazimova, Narmin"]
[Black "Szczepkowska-Horowska, Karina"]
[Result "1-0"]
[WhiteTitle "WGM"]
[BlackTitle "WGM"]
[WhiteElo "2323"]
[BlackElo "2392"]
[WhiteTeam "Azerbaijan"]
[BlackTeam "Poland"]
[WhiteFideId "13402951"]
[BlackFideId "1122681"]
[EventDate "2015.11.13"]

1. d4 Nf6 2. c4 e6 3. Nf3 d5 4. Nc3 Bb4 5. Qa4+ Nc6 6. e3 O-O 7. Bd2 dxc4 8.
Bxc4 Bd6 9. a3 a6 10. Qc2 e5 11. d5 Ne7 12. e4 Bg4 13. Qd3 Ng6 14. h3 Bd7 15.
O-O Nh5 16. Ne2 h6 17. Qc3 Qf6 18. b4 Rac8 19. a4 c6 20. Qd3 Qe7 21. Rfb1 Kh8
22. dxc6 bxc6 23. Bxa6 Rcd8 24. Qc2 Nhf4 25. Nxf4 Nxf4 26. Bxf4 exf4 27. b5 cxb5
28. axb5 Rb8 29. b6 Rfe8 30. b7 Rbd8 31. Bc4 Bb8 32. Bd5 Qf6 33. Qc4 Kg8 34. Ra6
Qe7 35. Ra8 Qf6 36. Ra6 Qe7 37. Rc1 Rf8 38. Re1 Qe8 39. Ra5 Kh8 40. e5 Be6 41.
Bxe6 Qxe6 42. Qxe6 fxe6 43. Rc1 Kg8 44. h4 Rd7 45. Rb5 Kf7 46. h5 g5 47. hxg6+
Kxg6 48. Rc6 Kf5 49. Rc8 Rfd8 50. Ra5 Bc7 51. Raa8 Rd1+ 52. Kh2 1-0

[Event "20th European Teams Women"]
[Site "Reykjavik ISL"]
[Date "2015.11.19"]
[Round "6.5"]
[Board "4"]
[White "Majdan-Gajewska, Joanna"]
[Black "Abdulla, Khayala"]
[Result "1-0"]
[WhiteTitle "WGM"]
[BlackTitle "WGM"]
[WhiteElo "2378"]
[BlackElo "2283"]
[WhiteTeam "Poland"]
[BlackTeam "Azerbaijan"]
[WhiteFideId "1121979"]
[BlackFideId "13401807"]
[EventDate "2015.11.13"]

1. e4 c5 2. Nf3 e6 3. d4 cxd4 4. Nxd4 a6 5. Nc3 Qc7 6. Bd3 Nf6 7. f4 Nc6 8. Nxc6
dxc6 9. e5 Nd5 10. Ne4 Be7 11. a3 Qa5+ 12. c3 Bd7 13. b4 Qb6 14. c4 Qd4 15. Ra2
f5 16. exf6 Nxf6 17. Ng5 c5 18. Re2 O-O 19. Qc2 cxb4 20. Bxh7+ Kh8 21. Bg6 bxa3
22. Qb3 Ng4 23. Nf3 Qc5 24. Bd2 Kg8 25. Bb1 Bc6 26. Ne5 Bh4+ 27. Kd1 Nf2+ 28.
Kc1 Nxh1 29. Qh3 Qe7 30. Ng6 Qf6 31. Bc3 e5 32. Bxe5 Qf7 33. Qxh4 Qxc4+ 34. Bc2
Be4 35. Qh8+ Kf7 36. Qxg7+ Ke6 37. Qe7+ Kf5 38. Nh4+ 1-0

[Event "20th European Teams Women"]
[Site "Reykjavik ISL"]
[Date "2015.11.19"]
[Round "6.6"]
[Board "1"]
[White "Theissl Pokorna, Regina"]
[Black "Havlikova, Kristyna"]
[Result "1/2-1/2"]
[WhiteTitle "WGM"]
[BlackTitle "WIM"]
[WhiteElo "2355"]
[BlackElo "2323"]
[WhiteTeam "Austria"]
[BlackTeam "Czech Republic"]
[WhiteFideId "14902052"]
[BlackFideId "309672"]
[EventDate "2015.11.13"]

1. d4 Nf6 2. Nf3 g6 3. Bg5 Bg7 4. Nbd2 d5 5. e3 O-O 6. Bd3 c5 7. c3 Qb6 8. Rb1
Nc6 9. O-O e5 10. Nxe5 Nxe5 11. dxe5 Ng4 12. Nf3 Nxe5 13. Nxe5 Bxe5 14. f4 Bf6
15. Bxf6 Qxf6 16. f5 Qe5 17. Qd2 Bxf5 18. Bxf5 gxf5 19. Rf3 Rad8 20. Rbf1 Rfe8
21. Qf2 Kh8 22. Rxf5 Qxe3 23. Rxf7 d4 24. cxd4 cxd4 25. Rf3 Qxf2+ 26. R3xf2 d3
27. Rd1 Re7 28. g3 Kg7 29. Kg2 Rd6 30. Rdd2 Re5 31. Rf3 Red5 32. g4 Rg6 33. h3
Rgd6 34. Kg3 h6 35. Re3 Rd7 36. Kf3 Kf6 37. Kf4 Rd4+ 38. Kg3 Kg7 39. Kf3 Kf6 40.
Kg3 Kg7 1/2-1/2

[Event "20th European Teams Women"]
[Site "Reykjavik ISL"]
[Date "2015.11.19"]
[Round "6.6"]
[Board "2"]
[White "Olsarova, Karolina"]
[Black "Newrkla, Katharina"]
[Result "1/2-1/2"]
[WhiteTitle "WIM"]
[BlackTitle "WIM"]
[WhiteElo "2224"]
[BlackElo "2206"]
[WhiteTeam "Czech Republic"]
[BlackTeam "Austria"]
[WhiteFideId "320242"]
[BlackFideId "1621629"]
[EventDate "2015.11.13"]

1. e4 c5 2. Nf3 d6 3. d4 cxd4 4. Nxd4 Nf6 5. Nc3 a6 6. Be2 e5 7. Nb3 Be7 8. Bg5
Be6 9. Bxf6 Bxf6 10. Qd3 Nc6 11. O-O-O Qb6 12. Qg3 Nd4 13. Bd3 Nxb3+ 14. axb3
O-O 15. Bc4 Qc7 16. Nd5 Bxd5 17. Rxd5 Rfc8 18. Kb1 a5 19. Rhd1 a4 20. Qd3 Be7
21. Rb5 axb3 22. Bxb3 Ra7 23. Qd5 Rf8 24. g3 Qc6 25. c3 g6 26. f4 exf4 27. gxf4
Qxd5 28. Bxd5 Rb8 29. Rb6 Kf8 30. Rd4 Bd8 31. Rxd6 b5 32. Rc6 Bb6 33. Rb4 Ba5
34. Rb3 Bc7 35. e5 g5 36. fxg5 Bxe5 37. Rh6 Rd7 38. Be4 Rd1+ 39. Kc2 Re1 40. Bd3
b4 41. Rxb4 Rxb4 42. cxb4 Rh1 43. h4 Bg3 44. h5 Bf4 45. Rxh7 Bxg5 46. Rh8+ Kg7
47. Re8 Rxh5 48. b5 Rh2+ 49. Be2 Rh6 50. Kd3 Re6 51. Rxe6 fxe6 52. b6 Bd8 53. b7
Bc7 54. Kc4 Kf7 55. Kb5 Ke7 56. Ka6 Bb8 57. Kb6 Kd6 58. Bb5 Kd5 59. Be8 Kd6 60.
Bf7 e5 61. Bh5 e4 62. Be2 e3 63. Bf3 Kd7 64. Bg4+ Kd6 65. b3 Kd5 66. Kb5 Kd6 67.
Kb6 Kd5 68. b4 Kd6 69. Ka6 Kc7 70. Bf3 Kd6 71. Kb6 Kd7 72. b5 Kd6 73. Bd1 Kd5
74. Be2 Kd6 75. Bf3 Kd7 76. Kc5 Kc7 77. b6+ Kd7 78. Bg4+ Ke7 79. Kc6 Kd8 80. Kd5
Ke7 81. Kd4 Kd6 82. Bf3 e2 83. Bxe2 1/2-1/2

[Event "20th European Teams Women"]
[Site "Reykjavik ISL"]
[Date "2015.11.19"]
[Round "6.6"]
[Board "3"]
[White "Exler, Veronika"]
[Black "Sikorova, Olga"]
[Result "1/2-1/2"]
[WhiteTitle "WFM"]
[BlackTitle "WGM"]
[WhiteElo "2192"]
[BlackElo "2230"]
[WhiteTeam "Austria"]
[BlackTeam "Czech Republic"]
[WhiteFideId "1620550"]
[BlackFideId "307033"]
[EventDate "2015.11.13"]

1. d4 Nf6 2. Nf3 g6 3. g3 Bg7 4. Bg2 O-O 5. O-O d6 6. c4 Nc6 7. Nc3 a6 8. d5 Na5
9. Qd3 c5 10. e4 Rb8 11. Bf4 b5 12. b3 bxc4 13. bxc4 Rb4 14. Nd2 Ng4 15. a3 Rb2
16. Na4 Rb8 17. Rab1 Rxb1 18. Rxb1 f5 19. h3 Ne5 20. Bxe5 Bxe5 21. f4 Bd4+ 22.
Kh2 e5 23. dxe6 Bxe6 24. Nc3 g5 25. Ne2 Bg7 26. exf5 Bxf5 27. Be4 Bxe4 28. Nxe4
gxf4 29. Nxf4 Qe7 30. Qd5+ Kh8 31. Nxd6 Be5 32. Rd1 Bxf4 33. gxf4 Rxf4 34. Rd2
Nb3 35. Rg2 Rf8 36. Nf5 Qf6 37. Qd7 Nd4 38. Nxd4 cxd4 39. Qg4 d3 40. Qg3 Rd8 41.
Rd2 Qd4 42. h4 a5 43. Kh3 Qe4 44. Rg2 Qf5+ 45. Kh2 Qf6 46. Rf2 Qd4 47. Rd2 Rg8
48. Qf2 Qd6+ 49. Kh3 Rd8 50. c5 Qe6+ 51. Kh2 Qe5+ 52. Kh3 a4 53. Qf3 Qe6+ 54.
Kh2 Qh6 55. Rxd3 Qxh4+ 56. Kg2 Qg5+ 57. Qg3 Qxg3+ 58. Rxg3 Rd2+ 59. Kg1 Rc2 60.
Rg4 1/2-1/2

[Event "20th European Teams Women"]
[Site "Reykjavik ISL"]
[Date "2015.11.19"]
[Round "6.6"]
[Board "4"]
[White "Kulovana, Eva"]
[Black "Kopinits, Anna-Christina"]
[Result "0-1"]
[WhiteTitle "WGM"]
[BlackTitle "WIM"]
[WhiteElo "2213"]
[BlackElo "2231"]
[WhiteTeam "Czech Republic"]
[BlackTeam "Austria"]
[WhiteFideId "318779"]
[BlackFideId "1614142"]
[EventDate "2015.11.13"]

1. e4 e5 2. Nf3 Nc6 3. Bb5 a6 4. Ba4 Nf6 5. O-O Be7 6. Re1 b5 7. Bb3 d6 8. c3
O-O 9. h3 Nb8 10. d4 Nbd7 11. Nbd2 Bb7 12. Bc2 Re8 13. a4 Bf8 14. b3 c6 15. Bb2
Qc7 16. Bd3 Rac8 17. Qc2 g6 18. Nf1 Bg7 19. Ng3 d5 20. dxe5 Nxe5 21. Nxe5 Qxe5
22. c4 d4 23. Qd2 bxc4 24. bxc4 c5 25. f4 Qc7 26. e5 Nd7 27. Ne4 f6 28. exf6
Nxf6 29. Nxf6+ Bxf6 30. Re2 Re3 31. Rxe3 dxe3 32. Qc2 Bd4 33. Bxd4 cxd4 34. Rf1
Qc6 35. f5 Re8 36. Qe2 Re5 37. Qg4 Kg7 38. fxg6 hxg6 39. Be2 Qd6 40. Rd1 Qc6 41.
Rxd4 Rf5 42. Bf3 Qe8 43. Rd3 Bxf3 44. Qd4+ Qe5 45. Qxe3 Qxe3+ 46. Rxe3 Bc6 47.
Re7+ Kf6 48. Rc7 Rc5 49. Ra7 a5 50. Kf2 Bxa4 51. Ke3 Bb3 52. h4 a4 53. g4 Rxc4
54. Ra6+ Kg7 55. h5 Rxg4 56. hxg6 Bc2 57. Kd2 Bxg6 58. Kc3 Bf7 59. Kb2 Bb3 60.
Ra8 Kf6 61. Ra7 Ke5 62. Ra8 Kd6 63. Ra7 Kc5 64. Rc7+ Kb6 65. Rc1 Kb5 66. Re1 Kb4
67. Rh1 Rg2+ 68. Ka1 Ka3 69. Kb1 Rb2+ 70. Kc1 Ra2 71. Rh3 Ra1+ 72. Kd2 Kb2 0-1

[Event "20th European Teams Women"]
[Site "Reykjavik ISL"]
[Date "2015.11.19"]
[Round "6.7"]
[Board "1"]
[White "Vega Gutierrez, Sabrina"]
[Black "Danielian, Elina"]
[Result "1-0"]
[WhiteTitle "IM"]
[BlackTitle "GM"]
[WhiteElo "2392"]
[BlackElo "2474"]
[WhiteTeam "Spain"]
[BlackTeam "Armenia"]
[WhiteFideId "2219026"]
[BlackFideId "13300210"]
[EventDate "2015.11.13"]

1. e4 d6 2. d4 g6 3. Nc3 Bg7 4. Be3 a6 5. Qd2 b5 6. h4 h5 7. f3 Bb7 8. Nh3 Nd7
9. O-O-O Nb6 10. Ng5 Nf6 11. e5 b4 12. e6 bxc3 13. exf7+ Kd7 14. Qxc3 Bd5 15.
Qd3 Nc4 16. Bf4 c5 17. b3 Na3 18. dxc5 Qa5 19. g3 Qxc5 20. Bh3+ Kc6 21. Be6 Rac8
22. Rh2 Bh6 23. Qxa6+ Kc7 24. Rxd5 Nxd5 25. Bxc8 Qg1+ 26. Kb2 Rxc8 27. Ne6+ Kd7
28. Bxh6 Qxh2 29. Qxc8+ Kxc8 30. f8=Q+ Kd7 31. Kxa3 Qxc2 32. Qg8 Nc3 33. Nf8+
Kc8 34. Qc4+ Kb7 35. Ne6 Nb1+ 36. Kb4 Qf2 37. Qc7+ Ka6 38. Qa5+ Kb7 39. Qc7+ Ka6
40. Qc6+ Ka7 41. Nc7 Kb8 42. Nb5 1-0

[Event "20th European Teams Women"]
[Site "Reykjavik ISL"]
[Date "2015.11.19"]
[Round "6.7"]
[Board "2"]
[White "Mkrtchian, Lilit"]
[Black "Matnadze, Ana"]
[Result "1/2-1/2"]
[WhiteTitle "IM"]
[BlackTitle "IM"]
[WhiteElo "2439"]
[BlackElo "2353"]
[WhiteTeam "Armenia"]
[BlackTeam "Spain"]
[WhiteFideId "13300601"]
[BlackFideId "13601377"]
[EventDate "2015.11.13"]

1. c4 c6 2. Nf3 d5 3. e3 Nf6 4. Nc3 Bg4 5. cxd5 Nxd5 6. d4 e6 7. Be2 Bd6 8. O-O
O-O 9. Re1 Nd7 10. h3 Bh5 11. e4 Nxc3 12. bxc3 e5 13. Bg5 Qc7 14. Qc2 Bg6 15.
Nh4 Rae8 16. Bf1 exd4 17. cxd4 Bh2+ 18. Kh1 Bf4 19. Bxf4 Qxf4 20. Nxg6 hxg6 21.
Rab1 Nb6 22. a4 Re7 23. a5 Nc8 24. g3 Qc7 25. Qc3 Rd8 26. e5 a6 27. Bc4 Qd7 28.
e6 fxe6 29. Rxe6 Rxe6 30. Re1 Re8 31. Qe3 Kf7 32. Qf4+ Kg8 33. Qe3 Kf7 34. Qf4+
Kg8 35. Qe3 Kf7 36. Qf4+ Kg8 37. Qe3 1/2-1/2

[Event "20th European Teams Women"]
[Site "Reykjavik ISL"]
[Date "2015.11.19"]
[Round "6.7"]
[Board "3"]
[White "Collazo Hidalgo-Gato, Niala"]
[Black "Galojan, Lilit"]
[Result "0-1"]
[WhiteTitle "WIM"]
[BlackTitle "IM"]
[WhiteElo "2259"]
[BlackElo "2298"]
[WhiteTeam "Spain"]
[BlackTeam "Armenia"]
[WhiteFideId "3504476"]
[BlackFideId "13301314"]
[EventDate "2015.11.13"]

1. e4 e5 2. Nf3 Nc6 3. Bb5 a6 4. Ba4 Nf6 5. O-O Be7 6. d3 b5 7. Bb3 O-O 8. a4
Bb7 9. c3 h6 10. Nbd2 Re8 11. Re1 Bf8 12. Nf1 d5 13. exd5 Nxd5 14. axb5 axb5 15.
Rxa8 Bxa8 16. Ng3 b4 17. d4 bxc3 18. dxe5 cxb2 19. Bxb2 Nf4 20. Qa1 Nb4 21. Rd1
Qc8 22. Qc1 Nbd3 23. Qe3 Bc5 24. Bd4 Bxd4 25. Qxd4 Bxf3 26. Rxd3 Nxd3 27. Qxd3
Ba8 28. Qg6 Kh8 29. Qxf7 Rxe5 30. f4 Re1+ 31. Kf2 Qe8 32. Nf5 Re2+ 33. Kf1 Re1+
34. Kf2 Re2+ 35. Kf1 Bxg2+ 36. Kg1 Qxf7 37. Bxf7 Bb7 38. Nh4 g5 39. Bh5 Re1+ 40.
Kf2 Rh1 41. fxg5 hxg5 42. Nf3 Bxf3 43. Kxf3 Rxh2 44. Kg4 Kg7 45. Kxg5 Rxh5+ 46.
Kxh5 Kf6 47. Kg4 Ke5 48. Kf3 Kd4 49. Ke2 Kc3 50. Kd1 c5 0-1

[Event "20th European Teams Women"]
[Site "Reykjavik ISL"]
[Date "2015.11.19"]
[Round "6.7"]
[Board "4"]
[White "Kursova, Maria"]
[Black "Hernandez Estevez, Yudania"]
[Result "1-0"]
[WhiteTitle "WGM"]
[BlackTitle "WIM"]
[WhiteElo "2307"]
[BlackElo "2207"]
[WhiteTeam "Armenia"]
[BlackTeam "Spain"]
[WhiteFideId "4129709"]
[BlackFideId "2219344"]
[EventDate "2015.11.13"]

1. d4 d5 2. Nf3 Nf6 3. c4 c6 4. e3 Bg4 5. Nc3 e6 6. Qb3 Qb6 7. Nh4 Bh5 8. h3 Na6
9. g4 Qxb3 10. axb3 Nb4 11. Ra4 Bg6 12. Nxg6 hxg6 13. Be2 dxc4 14. bxc4 e5 15.
Na2 Nxa2 16. Rxa2 Bb4+ 17. Kf1 Nd7 18. Kg2 a5 19. Rd1 Ke7 20. b3 Rh4 21. Bd2
Bxd2 22. Raxd2 e4 23. Kg3 Rah8 24. Bf1 f5 25. gxf5 gxf5 26. Ra2 R4h5 27. c5 Rg5+
28. Kh2 Nf6 29. Kh1 Ng4 30. Rdd2 Rgh5 31. Rxa5 f4 32. exf4 Rf5 33. Ra7 Rxf4 34.
Rxb7+ Kf6 35. Kg1 e3 36. fxe3 Nxe3 37. Bg2 Nxg2 38. Kxg2 Rh6 39. Rb6 Rg6+ 40.
Kh2 Kf5 41. d5 Rf3 42. dxc6 Rh6 43. c7 Rfxh3+ 44. Kg2 Rh2+ 45. Kf1 Rh1+ 46. Ke2
Rh8 47. Rb8 Ke4 48. Rxh8 Rxh8 49. Rd8 1-0